00634nam a2200193 i 450000100060000000300090000600500170001500700030003200800410003510000220007624500670009826000420016530000200020750501040022774000330033174000230036474000290038785200240041655384ES-MaACL20230906163131.0t|030918s1912 sz ||||1| fre d1 aDeonna, Waldemar.12aL'archeologie b: sa valeur, ses methodes / cWaldemar Deonna. a[Geneve : bAlbert Kündig], c1912. a3 v. ; c24 cm.8 aContiene: I: Les methodes archeologiques. -- II: Les lois de l'art. -- III: Les rythmes artistiques4 aLes methodes archeologiques.4 aLes lois de l'art.4 aLes rythmes artistiques. aES-MaACLjC-1665-67